| 000 | nam a22 4500 | ||
|---|---|---|---|
| 999 |
_c9095 _d9095 |
||
| 008 | 180410b ||||| |||| 00| 0 eng d | ||
| 245 | _aPokemon GO could be next big marketing tool for retailers. | ||
| 260 |
_aPhilippines _bThe Philippine Star _cc2016 |
||
| 300 | _apage B-14. | ||
| 650 | 0 |
_927251 _aMarketing. |
|
| 942 |
_2ddc _cPER |
||